جے ا ين يو :کمر ہ نمبر 259 (Record no. 173642)

MARC details
000 -LEADER
fixed length control field 00621nam a22001817a 4500
005 - DATE AND TIME OF LATEST TRANSACTION
control field 20200304113916.0
010 ## - LCCN (DPL NO)
LC control number UR-10720
020 ## - INTERNATIONAL STANDARD BOOK NUMBER
Terms of availability 270.00
International Standard Book Number 9789352792825
035 ## - SYSTEM CONTROL NUMBER
System control number U-9275
037 ## - SOURCE OF ACQUISITION
Source of stock number/acquisition DBAD/PUB
Stock number -
100 ## - MAIN ENTRY--PERSONAL NAME
Personal name عمر ا ن عا کف خا ن
245 ## - TITLE STATEMENT
Title جے ا ين يو :کمر ہ نمبر 259
Statement of responsibility, etc عمر ا ن عا کف خا ن
246 ## - VARYING FORM OF TITLE
Remainder of title J N.U. Kamra Number 259 (Urdu)
Title proper/short title by Imran Akif Khan
260 ## - PUBLICATION, DISTRIBUTION, ETC. (IMPRINT)
Place of publication, distribution, etc N.Delhi
Name of publisher, distributor, etc Applied Books
Date of publication, distribution, etc 2019 ء
270 ## - ADDRESS
Address Kohinoor Hotel,1739/10,Patodi House,Darya Ganj,
City N.Delhi
Postal code 110002
Telephone number -
Fax number -
300 ## - PHYSICAL DESCRIPTION
Extent 184 ص
Dimensions 22 Cm(Hb)
942 ## - ADDED ENTRY ELEMENTS (KOHA)
Source of classification or shelving scheme Dewey Decimal Classification
Item type Urdu Bks
Classification part ن
Call number suffix ع م ر
Holdings
Withdrawn status Lost status Not for loan Collection code Home library Current library Date acquired Source of acquisition Cost, normal purchase price Full call number Barcode Copy number Cost, replacement price Koha item type
      Fiction Central Library Central Library 04/03/2020 DBAD/PUB 270.00 ن ع م ر U-9275 1 270.00 Urdu Bks

© Delhi Public Library
Hit Counter
free hit counter